SAT Vocabulary that start with 'A' Quiz Stats

 Plays Quiz not verified by Sporcle

Support Sporcle.
Go Orange.
Score 0/12 Timer 10:00
0 Plays Today
Definition SAT 'A' Words % Correct
v. to depart suddenly and secretly, as for the purpose of escaping arrestabscond
71%
n. deviation from a right, customary, or prescribed courseaberration
45.2%
n. anything occurring or existing out of its proper timeanachronism
45.2%
v. to destroy absolutelyannihilate
45.2%
n. a washing or cleansing, expecially of the bodyablution
41.9%
v. to lower in position, estimation, or the like; degradeabase
38.7%
v. to comply; submitacquiesce
35.5%
adj. friendly; amiable; easy to approachaffable
35.5%
n. a union, a mergeramalgamation
32.3%
v. to increase or make largeraugment
29%
n. divinely sweet, fragrant, or deliciousambrosia
22.6%
n. sourness, with bitterness and astringencyacerbity
19.4%

You're not logged in!

Compare scores with friends on all Sporcle quizzes.
OR
Log In

From the Vault

WWE Top 10 (2015)

by djohnson87

If you ever feel useless, just remember that there are referees in WWE.
Remove Ads.
Support Sporcle.
Get the best of Sporcle when you Go Orange. This ad-free experience offers more features, more stats, and more fun while also helping to support Sporcle. Thank you for becoming a member.

Show Comments

Extras

Top Quizzes Today


Score Distribution

Your Account Isn't Verified!

In order to create a playlist on Sporcle, you need to verify the email address you used during registration. Go to your Sporcle Settings to finish the process.

Report this User

Report this user for behavior that violates our Community Guidelines.

Details: